| 000 | 00594nam a2200217 a 4500 | ||
|---|---|---|---|
| 001 | 42561 | ||
| 003 | BD-RjUL | ||
| 005 | 20211209053547.0 | ||
| 008 | 160613s19681875nyu||||| |||| 00| 0 eng d | ||
| 035 | _a(BD-RjUL)42679 | ||
| 040 |
_aBD-RjUL _beng _cBD-RjUL |
||
| 041 | _aeng | ||
| 082 |
_223 _a330 _bMUS 1968 |
||
| 100 |
_aMusgrave, Anthony _9130862 |
||
| 245 | 1 | 0 |
_aStudies in political Economy / _cAnthony Musgrave |
| 250 | _a1st edi. | ||
| 260 |
_aNew York : _bAugustus, _c1875 [reprint1968] |
||
| 300 |
_avii, 184 p. ; _c21cm. |
||
| 650 |
_aEconomics _9126593 |
||
| 942 |
_2ddc _cBK |
||
| 999 |
_c42561 _d42561 |
||